| Tag |
First Indicator |
Second Indicator |
Subfields |
| LEADER |
00000cam a2200000 a 4500 |
| 001 |
in00002139678 |
| 006 |
m e d # |
| 007 |
cr mn mmmmabba |
| 008 |
820603s1742 mau s 000 0 eng d |
| 005 |
20260330214838.6 |
| 035 |
|
|
|z w013509
|
| 035 |
|
|
|a MAAR8206033601B
|
| 035 |
|
|
|9 mwa91-50111
|
| 035 |
|
|
|a 320879
|
| 035 |
|
|
|a aas03013509
|
| 040 |
|
|
|a MWA
|c MWA
|e bdrb
|d UtOrBLW
|
| 245 |
0 |
2 |
|a A Letter to the freeholders and other inhabitants of this province, qualified to vote for representatives in the ensuing election.
|
| 264 |
|
1 |
|a [Boston] :
|b [publisher not identified],
|c [1742]
|
| 300 |
|
|
|a 8 pages ;
|c 18 cm. (octavo)
|
| 336 |
|
|
|a text
|b txt
|2 rdacontent
|
| 337 |
|
|
|a computer
|b c
|2 rdamedia
|
| 338 |
|
|
|a online resource
|b cr
|2 rdacarrier
|
| 500 |
|
|
|a Caption title.
|
| 500 |
|
|
|a Dated on page 8: April 29. 1742. Place of publication suggested by Evans.
|
| 510 |
4 |
|
|a Evans
|c 4988
|
| 530 |
|
|
|a Microform version available in the Readex Early American Imprints series.
|
| 533 |
|
|
|a Electronic text and image data.
|b [Chester, Vt. :
|c Readex, a division of Newsbank, Inc.,
|d 2002-2004.
|e Includes files in TIFF, GIF and PDF formats with inclusion of keyword searchable text.
|f (Early American imprints. First series ; no. 4988).
|
| 500 |
|
|
|a Electronic resource.
|
| 610 |
1 |
0 |
|a Massachusetts.
|b General Court.
|b House of Representatives.
|
| 651 |
|
0 |
|a Massachusetts
|x Politics and government
|y To 1775.
|
| 752 |
|
|
|a United States
|b Massachusetts
|d Boston.
|
| 830 |
|
0 |
|a Early American imprints.
|n Series I,
|p Evans (1639-1800) ;
|v no. 4988.
|
| 856 |
4 |
1 |
|u http://proxy.library.tamu.edu/login?url=https://opac.newsbank.com/select/evans/4988
|y Evans Digital Edition
|t 0
|
| 999 |
|
|
|a MARS
|
| 999 |
f |
f |
|s 121f27db-ff4b-33dc-b188-7abe7dafb572
|i 32d3f66d-e5ed-3296-9ec0-c2033066c24b
|t 0
|
| 952 |
f |
f |
|a Texas A&M University
|b College Station
|c Electronic Resources
|s www_evans
|d Available Online
|t 0
|h No information provided
|
| 998 |
f |
f |
|t 0
|l Available Online
|